| 000 | 00487nam a2200157 i 4500 | ||
|---|---|---|---|
| 001 | 55327 | ||
| 003 | ES-MaACL | ||
| 007 | t| | ||
| 008 | 030917s1926 fr ||||1| fre d | ||
| 100 | 1 |
_aDeniker, J. _943692 |
|
| 245 | 1 | 4 |
_aLes races et les peuples de la terre / _cpar J. Deniker. |
| 250 | _a2e ed. rev. et considérablement augm. | ||
| 260 |
_aParis : _bMasson et Cie, _c1926 ( _eParis : _fA. Taffin-Lefort) |
||
| 300 |
_aVIII, 9-750 p. : _bil. ; _c25 cm. |
||
| 852 |
_aES-MaACL _jB-4357 |
||
| 999 |
_c55327 _d55327 |
||